000 00324nam a22001337a 4500
008 170714b xxu||||| |||| 00| 0 eng d
020 _a9780915202782
041 _aeng
080 _22ND
_a101
100 _a24
101 _aFJA
245 _aEXPERIENCING AND COUNSELING AND DIVERSE POPULATIONS
_cVACC,N.A
942 _2udc
_cBK
999 _c20698
_d20698